LEADER 01178nam a2200289 i 4500 001 000000155070 003 CaOOAMICUS 005 20061031000000.0 008 061031s2006 it u000 u ita u 013 $a132419 020 $a88-02-07300-7 040 $aSeMil$bita 245 10$aDocumenti /$ca cura di Giovanni Borgognone ... [et al.]. 260 $aTorino :$bUTET,$ccopyr. 2006. 300 $a628 p. :$bill. ;$c25 cm. 500 $aIn custodia. 650 4$aEuropa - Storia - Sec. 20.$0(OLS)http://semarc/subject/574 650 4$aEbrei - Genocidio.$0(OLS)http://semarc/subject/4008 650 4$aEbrei - Persecuzioni - Europa - 1933-1945.$0(OLS)http://semarc/subject/27241 700 1 $aBorgognone, Giovanni.$0(OLS)http://semarc/name/60658 773 0 $tStoria della Shoah.$dTorino : UTET, 2005-2006.$g5$w()10119 850 $aSeMil 852 $aSeMil$W1$xVenegono$y1$mSL1.G VII 39$j106921$B106921$CSeMilBibl$Z2$F116222 $8I 961 $aSottoscrizione: UTET (Agente) 996 $6020$a88-02-07300-7$9(OLS)http://semarc/number/145070 996 $6245$aDocumenti$9(OLS)http://semarc/title/19492 996 $6260$aTorino :$bUTET$9(OLS)http://semarc/publisher/29621 LEADER 00889nam a2200229 i 4500 001 000000162524 003 CaOOAMICUS 005 20070627000000.0 008 070627s1977 it u000 u ita u 013 $a139888 040 $aSeMil$bita 245 10$aDa Fogazzaro a Moravia. 300 $a878 p. 490 0 $aPaideia ;$v21. 650 4$aCritica letteraria - Italia - Storia.$0(OLS)http://semarc/subject/1258 700 1 $aBinni, Walter,$d<1913-1997>.$0(OLS)http://semarc/name/760 773 0 $tClassici italiani nella storia della critica.$dFirenze : La Nuova Italia, 1970-1977.$kPaideia$gVol.3$w()883 830 0$aPaideia ;$v21.$0(OLS)http://semarc/title/21427 850 $aSeMil 852 $aSeMil$W1$xVenegono$y1$m1D V 92$j113868$B113868$CSeMilBibl$Z2$F124609 $81 961 $aOmaggio: Ciprandi dott. Paolo 996 $6245$aDa Fogazzaro a Moravia$9(OLS)http://semarc/title/146253